Anglicko-český a česko-anglický výkladový slovník internetu
Gespeichert in:
| 1. Verfasser: | |
|---|---|
| Format: | Buch |
| Sprache: | Englisch Tschechisch |
| Veröffentlicht: |
Praha
Antonín Vitovský - AV software
2004
|
| Schriftenreihe: | AV software
|
| Schlagworte: | |
| Tags: |
Keine Tags, Fügen Sie das erste Tag hinzu!
|
MARC
| LEADER | 00000nam$a2200000$$$4500 | ||
|---|---|---|---|
| 001 | 0049109 | ||
| 005 | 20240315114350.6 | ||
| 020 | |a 80-901428-7-7 | ||
| 041 | 0 | |a eng | |
| 041 | 0 | |a cze | |
| 044 | |a CZ | ||
| 245 | 1 | 0 | |a Anglicko-český a česko-anglický výkladový slovník internetu |c Antonín Vitovský |
| 264 | 1 | |a Praha |b Antonín Vitovský - AV software |c 2004 | |
| 300 | |a 300 s. | ||
| 490 | 1 | |a AV software | |
| 830 | 0 | |a AV software | |
| 610 | 2 | 0 | |a jazykoveda |
| 610 | 2 | 0 | |a terminológia |
| 610 | 2 | 0 | |a jazyky cudzie |
| 610 | 2 | 0 | |a internet |
| 610 | 2 | 0 | |a siete počítačové |
| 610 | 2 | 0 | |a využitie počítačov |
| 100 | 1 | |a Vitovský, Antonín | |